Winter and another v Traditional and Contemporary Contracts Limited (Record no. 79707)
[ view plain ]
| 000 -LEADER | |
|---|---|
| fixed length control field | 01954cad a22002055a 4500 |
| 001 - CONTROL NUMBER | |
| control field | L142030 |
| 008 - FIXED-LENGTH DATA ELEMENTS--GENERAL INFORMATION | |
| fixed length control field | 080122e20071107xxk f v 000 0 eng d |
| 035 ## - SYSTEM CONTROL NUMBER | |
| System control number | (Sirsi) u142030 |
| 041 0# - LANGUAGE CODE | |
| Language code of text/sound track or separate title | eng |
| 245 00 - TITLE STATEMENT | |
| Title | Winter and another v Traditional and Contemporary Contracts Limited |
| Medium | [electronic resource] |
| 260 ## - PUBLICATION, DISTRIBUTION, ETC. | |
| Date of publication, distribution, etc. | 2007 |
| 520 ## - SUMMARY, ETC. | |
| Summary, etc. | [2007] EWCA Civ 1088. Considers whether a Lands Tribunal decision that its compensation for modifying a restrictive covenant should be made against the development value of a site had uncovered an error in law. The appellant freeholder (W) owned a house next to a site which the respondent (T) had developed. T modified a restrictive covenant in order to build two houses on this site. W then became aware of the covenant. W was awarded a sum which T should pay in the continued absence of foundation strengthening work. W argued that this was inadequate as it should have been assessed by reference to the additional development value; that T had deprived W of the opportunity to influence this development; that T should have strengthened the site previously; and that too much emphasis was put on the opportunity for alternative development. "Held": The negotiated share approach was well recognised in law. The Tribunal could be criticised for accepting this without further argument, but its conclusion was sound. The circumstances were not sufficiently different for the precedent to be undermined. W's late acceptance of the need for strengthening was unsatisfactory but did not reveal an error in law. |
| 590 ## - LOCAL NOTE (RLIN) | |
| Local note | KA |
| 650 24 - SUBJECT ADDED ENTRY--TOPICAL TERM | |
| Topical term or geographic name entry element | WROTHAM PARK ESTATE CO LTD V TRADITIONAL AND CONTEMPORARY CONTRACTS LTD |
| 650 24 - SUBJECT ADDED ENTRY--TOPICAL TERM | |
| Topical term or geographic name entry element | SJC CONSTRUCTION CO LTD AND STOCKPORT MBC V ALWIYAH DEVELOPMENTS |
| 651 #4 - SUBJECT ADDED ENTRY--GEOGRAPHIC NAME | |
| Geographic name | England and Wales |
| Chronological subdivision | 1543- |
| 690 ## - LOCAL SUBJECT ADDED ENTRY--TOPICAL TERM (OCLC, RLIN) | |
| Topical term or geographic name as entry element | PROPERTY-PROPERTY DEVELOPMENT |
| 856 40 - ELECTRONIC LOCATION AND ACCESS | |
| Uniform Resource Identifier | <a href="https://www.bailii.org/ew/cases/EWCA/Civ/2007/1088.html">https://www.bailii.org/ew/cases/EWCA/Civ/2007/1088.html</a> |
| Public note | View the judgment free of charge at www.bailii.org... |
| 942 ## - ADDED ENTRY ELEMENTS (KOHA) | |
| Suppress in OPAC | 0 |
| Withdrawn status | Lost status | Source of classification or shelving scheme | Damaged status | Not for loan | Home library | Current library | Shelving location | Date acquired | Total Checkouts | Full call number | Barcode | Date last seen | Copy number | Price effective from | Koha item type |
|---|---|---|---|---|---|---|---|---|---|---|---|---|---|---|---|
| Dewey Decimal Classification | Virtual | Virtual | Online | 22/01/2008 | ONLINE PUBLICATION | 142030-1001 | 06/08/2019 | 1 | 06/08/2019 | Journal article |